000 00333pab a2200145 454500
008 180718b1997 xxu||||| |||| 00| 0 eng d
100 _aAmjad Ali
245 _aETV and the Commonwealth of learning
260 _c1997
300 _ap.9-11
362 _a19 May
650 _aEducation
773 _aUniversity News
909 _a34044
999 _c34044
_d34044